| 000 | 00870cab a2200229 4500 | ||
|---|---|---|---|
| 001 | ABS43066 | ||
| 008 | 090401t1990 xxu||||| |||| 00| 0 eng d | ||
| 035 | _a(Sirsi) u40268 | ||
| 041 | _aeng | ||
| 100 | _aKindred, A. | ||
| 245 | _aCollateral warranties and professional indemnity insurance | ||
| 260 | _c1990 | ||
| 350 | _a0 | ||
| 490 |
_aProject Management Diploma Association Newsletter _vSpring 1990, 2-3(2) |
||
| 520 | _aExamines the wording of professional indemnity insurance policies and collateral warranties highlighting the problems which are difficult to cover such as matters over which the professional has no control including fitness for purpose , accuracy of plans and deleterious materials. | ||
| 650 | _aDUTY OF CARE | ||
| 650 | _aLATENT DAMAGE | ||
| 650 | _aLIABILITY | ||
| 690 |
_aInsurance _96249 |
||
| 942 | _n0 | ||
| 948 | _c04/03/1997 | ||
| 999 |
_c25798 _d25798 |
||